Köln - Lübeck - Danzig

Titel: Köln - Lübeck - Danzig : Von der Unvereinbarkeit der Interessen im Englandhandel
Verfasser:
In: ˜Dieœ Hanse, (1999), Seite 141-151
alle Artikel anzeigen
Veröffentlicht: 1999
Format: Aufsatz
Sprache: Deutsch
Kein Bild verfügbar
X
alg: 39162861
001A    $01999:11-11-16 
001B    $01999:25-04-21 $t10:53:17.000 
001D    $01999:11-11-16 
001U    $0utf8 
001X    $00 
002@    $0Aox 
003@    $0391628615 
007A    $0391628615 $aHEB 
007T    $0Herd81308 
010@    $ager 
011@    $a1999 
021A    $aKöln - Lübeck - Danzig $dVon der Unvereinbarkeit der Interessen im Englandhandel 
028A    $aJenks $dStuart 
031A    $h141-151 $j1999 
039B    $aIn $8--Aaxaf--. Die @Hanse. - 3. Auflage. - Lübeck : Schmidt-Römhild, 1999. - 900 Seiten. - Illustrationen, Diagramme, Karten. - ISBN 3-7950-1232-5 $x199900000000000859 $9061546097 
045F    $a330.094382 $eDDC23BSB 
045F/01 $a330.09 
045F/03 $g4382 
045F/03 $g43832 

lok: 39162861 78

exp: 39162861 78 1 #EPN
201B/01 $026-11-17 $t23:15:25.000 
201U/01 $0utf8 
203@/01 $078772307X 
208@/01 $a11-11-16 $be 
209A/01 $a/ $f000 $x00 
220C/01 $aTitelaufnehmer: cs 
244Z/01 $2Trx $#Prusy Wschodnie i Zachodnie $8--Trx--Ost- und Westpreußen $x01 $939113373X 
244Z/01 $#Danzig $#Ville Libre de Danzig $#Dantzig $#Ville Libre de Dantzig $#Freistaat Danzig $#Gdańsk $#Freie Stadt Danzig $#Urząd Miejski w Gdańsku $#Gyddanzyc $#Gedanum $#Dantiscum $74011039-4 $8--Tg1--Danzig $x02 $9085022225 
244Z/01 $2Trx $#Liubekas $#Lubeka $#Alt-Lübeck $8--Trx--Lübeck $x03 $9391161652 
244Z/01 $2Trx $#Kolonia Niemcy $#Kolín nad Rýnem $8--Trx--Köln $x04 $9391249517 
244Z/01 $2Trx $#Anglia $8--Trx--England $x05 $9391152327 
244Z/01 $aGeschichte 1420-1520 $x06 
244Z/01 $2Trx $#hansaliit $#Hanza $#Hanseatic League $#Hanza-Szövetség $#Hanza $#hanza $#hanza $8--Trx--Hanse $x07 $9391375512 
244Z/01 $2Trx $#majanduslikud suhted $#santykiai, ūkiniai $#relations, economic $#kapcsolatok, gazdasági $#stosunki gospodarcze $#vzťahy hospodárske $#vztahy hospodářské $#Außenhandel $#handel zagraniczny $#obchod zahraničný $#obchod zahraniční $8--Trx--Beziehungen, wirtschaftliche $x08 $9391355910 
244Z/01 $2Trx $8--Trx--Einzelbeiträge $x09 $9391384570 
245Z/01 $a09.04 $x01 
247C/01 $82080>Marburg/Lahn, Herder-Institut, Forschungsbibliothek, Bibliographieportal $9336309341
LEADER 00000caa a22000002c 4500
001 391628615
003 DE-603
005 20210425105317.0
007 tu
008 161111s1999 xx |||| | u00||u|ger c
035 |a (DE-599)HEB391628615 
040 |a DE-603  |b ger  |c DE-603  |d DE-603 
041 |a ger 
082 0 4 |8 1\u  |a 330.094382  |q DE-101  |2 23/BSB 
085 |8 1\u  |b 330.09 
085 |8 1\u  |z 2  |s 4382 
085 |8 1\u  |z 2  |s 43832 
100 1 |a Jenks, Stuart 
245 0 0 |a Köln - Lübeck - Danzig  |b Von der Unvereinbarkeit der Interessen im Englandhandel 
264 0 |c 1999 
773 0 8 |i In  |t ˜Dieœ Hanse  |b 3. Auflage  |d Lübeck : Schmidt-Römhild, 1999  |h 900 Seiten, Illustrationen, Diagramme, Karten  |z 3795012325  |g (1999), Seite 141-151  |w (DE-603)061546097 
924 0 |9 2080  |a (DE-603)78772307X  |b DE-2080  |c HES  |d d  |g /